| 000 | 00795cam a2200241 4500 | ||
|---|---|---|---|
| 008 | 090401t1992 xxu||||| |||| 00| 0 eng d | ||
| 020 | _a0728201631 | ||
| 035 | _a(Sirsi) u28685 | ||
| 041 | _aeng | ||
| 050 | _a690.2 | ||
| 100 | _aMelville, Ian A. | ||
| 245 | _aStructural surveys of dwelling houses including structural surveys of flats and new dwellings...with a chapter on the legal position of the surveyor by Paul G. Murrells. | ||
| 250 | _a3rd ed. | ||
| 260 |
_aLondon _bEstates Gazette _c1992 |
||
| 300 | _axiii,562p. : ill. ; 30cm | ||
| 350 | _a40 | ||
| 650 | _aBUILT ENVIRONMENT-BUILDING SURVEYING-STRUCTURAL SURVEYING | ||
| 690 | _aBUILT ENVIRONMENT-BUILDING INSPECTION | ||
| 700 | _aGordon, Ian A. | ||
| 700 | _aMurrells, Paul G. | ||
| 942 | _n0 | ||
| 948 | _c04/03/1997 | ||
| 999 |
_c89325 _d89325 |
||